Photonics : Maintaining competitiveness in the information era

Đã lưu trong:
书目详细资料
格式: 图书
语言:Undetermined
出版: Washington, D.C. National Academy Press 1988
主题:
标签: 添加标签
没有标签, 成为第一个标记此记录!
Thư viện lưu trữ: Trung tâm Học liệu Trường Đại học Cần Thơ
LEADER 00689nam a2200181Ia 4500
001 CTU_96780
008 210402s9999 xx 000 0 und d
082 |a 621.36 
082 |b P574 
245 0 |a Photonics : 
245 0 |b Maintaining competitiveness in the information era 
245 0 |c Panel on Photonics Science and Technology Assessment, Solid State Sciences Committee, Board on Physics and Astronomy, Commission on Physical Sciences, Mathematics, and Resources, National Research Council. 
260 |a Washington, D.C. 
260 |b National Academy Press 
260 |c 1988 
650 |a Photonics 
904 |i Hiếu 
980 |a Trung tâm Học liệu Trường Đại học Cần Thơ